• 首页
  • 本馆介绍
  • 公告通知
  • 最新文献
  • 馆藏检索
  • 电子资源
  • 读者导购
  • 参考咨询
  • 我的图书馆
  • 登录
  • 详细信息显示
  • 放入我的书架
  • 预约/预借图书
  • 作者相关作品
  • 分类相关作品
  • 丛书相关作品
  • 出版社相关作品

书目信息

  • 表格格式
  • 工作单格式
  • 卡片格式
题名:
战神:软件项目管理深度实战
    
 
作者: 刘瑜 著
分册:  
出版信息: 北京   电子工业出版社  2016.3
页数: 15,324页
开本: 24cm
丛书名:
单 册:
中图分类: TP311.52
科图分类:
主题词: 软件开发--项目管理
电子资源:
ISBN: 978-7-121-28104-4
000 00792nam0 2200229 450
001 0400004281
005 20171023165852.0
010    @a978-7-121-28104-4@dCNY65.00
100    @a20160425d2016 em y0chiy50 ea
101 0  @achi
102    @aCN@b110000
105    @aa z 000yy
106    @ar
200 1  @a战神:软件项目管理深度实战@9zhan shen:ruan jian xiang mu guan li shen du shi zhan@b专著@f刘瑜著
210    @a北京@c电子工业出版社@d2016.3
215    @a15,324页@c图@d24cm
330    @a本书采用故事推理、案例实证、动漫效果等方法,介绍了软件项目从酝酿、策划、筹备、 实施、使用、运维、到最终退出的整个生命周期的演变过程。
606 0  @a软件开发@x项目管理
690    @aTP311.52@v5
701  0 @a刘瑜@9liu yu@4著
801  0 @aCN@b91MARC@c20171023
905    @b1028246-50@dTP311.52@f5@e1129
    
    战神:软件项目管理深度实战/刘瑜著.-北京:电子工业出版社,2016.3
    15,324页:图;24cm
    
    
    ISBN 978-7-121-28104-4:CNY65.00
    本书采用故事推理、案例实证、动漫效果等方法,介绍了软件项目从酝酿、策划、筹备、 实施、使用、运维、到最终退出的整个生命周期的演变过程。
●
相关链接 在E读中查询图书 在五车中查询图书 在当当中查询图书 在豆瓣中查询图书


正题名:战神:软件项目管理深度实战     索取号:TP311.52/1129         预约/预借

序号 登录号 条形码 馆藏地/架位号 状态 备注
1 1028246   210282460   第二样本阅览室/ [索取号:TP311.52/1129] 在馆    
2 1028247   210282479   计算机科学系资料室/ [索取号:TP311.52/1129] 在馆    
3 1028248   210282488   第三借阅区/ [索取号:TP311.52/1129] 在馆    
4 1028249   210282497   第三借阅区/ [索取号:TP311.52/1129] 在馆    
5 1028250   210282503   第三借阅区/ [索取号:TP311.52/1129] 在馆    
唐山师范学院图书馆 欢迎您!
大连网信软件有限公司© 版权所有